[Event "Mauricie op U1700"]
[Site "Trois-Rivieres CAN"]
[Date "2014.03.15"]
[Round "2"]
[White "Gagnon, Daniel"]
[Black "Bonneville-Roussy, Didier"]
[Result "0-1"]
[WhiteElo "1416"]
[BlackElo "1358"]
[PlyCount "56"]
[EventDate "2014.03.14"]
[EventType "swiss"]
[EventRounds "5"]
[EventCountry "CAN"]

1. e4 c5 2. Nf3 Nc6 3. d4 cxd4 4. Nxd4 e5 5. Nb3 d6 6. Be3 Nf6 7. Nc3 Be6 8.
Be2 Be7 9. f3 O-O 10. Nd5 Rc8 11. Nxe7+ Qxe7 12. Qd2 Rfd8 13. c4 Qc7 14. O-O a5
15. a4 Nb4 16. Rfc1 Nd7 17. Qe1 Na6 18. Qg3 Ndc5 19. Nd2 Qb6 20. b3 f6 21. Kh1
Rd7 22. Rab1 Qd8 23. f4 Rdc7 24. f5 Bd7 25. Rc3 Qe7 26. Nf3 Nxe4 27. Qe1 Nxc3
28. Qxc3 Bxf5 0-1

[Event "Mauricie op U1700"]
[Site "Trois-Rivieres CAN"]
[Date "2014.03.15"]
[Round "2"]
[White "Ju, Terrence"]
[Black "Bolduc, Olivier"]
[Result "1/2-1/2"]
[WhiteElo "1300"]
[BlackElo "1402"]
[PlyCount "50"]
[EventDate "2014.03.14"]
[EventType "swiss"]
[EventRounds "5"]
[EventCountry "CAN"]

1. d4 Nf6 2. Nf3 g6 3. c4 Bg7 4. Nc3 O-O 5. e4 d6 6. Bg5 Nc6 7. Be2 e5 8. d5
Ne7 9. O-O h6 10. Bd2 Ne8 11. Qc1 Kh7 12. b4 f5 13. Rb1 fxe4 14. Nxe4 Nf5 15.
Rd1 Nh4 16. Rb3 Nxf3+ 17. Rxf3 Nf6 18. Nxf6+ Rxf6 19. Rxf6 Qxf6 20. Bf3 Bd7 21.
Be4 Rf8 22. f3 Bf5 23. Rf1 Qh4 24. Re1 Qf6 25. Rf1 Qh4 1/2-1/2

[Event "Mauricie op U1700"]
[Site "Trois-Rivieres CAN"]
[Date "2014.03.15"]
[Round "2"]
[White "Labrecque, Rejean"]
[Black "Ju, Lawrence"]
[Result "1/2-1/2"]
[WhiteElo "1640"]
[BlackElo "1411"]
[PlyCount "135"]
[EventDate "2014.03.14"]
[EventType "swiss"]
[EventRounds "5"]
[EventCountry "CAN"]

1. d4 Nf6 2. c4 g6 3. Nc3 Bg7 4. e4 d6 5. f4 O-O 6. Nf3 Ne8 7. Be2 Nc6 8. Be3
f5 9. e5 dxe5 10. fxe5 f4 11. Bf2 Bf5 12. O-O Nb4 13. a3 Nc2 14. Rc1 Ne3 15.
Bxe3 fxe3 16. Bd3 Bh6 17. Rc2 Ng7 18. Re2 Ne6 19. Bxf5 Rxf5 20. Nd5 c6 21. Nxe3
Rf8 22. Ng4 Bg7 23. Re4 Qb6 24. b4 Kh8 25. Kh1 Rad8 26. Rfe1 Qa6 27. Qb3 b6 28.
h3 c5 29. d5 Nc7 30. e6 Ne8 31. Nge5 Nd6 32. Nf7+ Nxf7 33. exf7 Rxf7 34. Rxe7
Rxe7 35. Rxe7 Bf8 36. Qc3+ Kg8 37. Re6 Bg7 38. Qd3 cxb4 39. axb4 Qa1+ 40. Kh2
Qc1 41. Qe4 Rf8 42. Re8 Qc3 43. Qe6+ Kh8 44. Ng5 h6 45. Nf7+ Kh7 46. Rxf8 Bxf8
47. d6 Qxb4 48. d7 Be7 49. d8=Q Bxd8 50. Nxd8 Qf8 51. Qf7+ Qxf7 52. Nxf7 a5 53.
Ne5 a4 54. Nd3 a3 55. Nb4 Kg7 56. Kg3 Kf6 57. Kf4 g5+ 58. Ke4 Ke6 59. Na2 Kd6
60. Kd4 Ke6 61. g4 Kd6 62. Nc3 Ke6 63. Na2 Kd6 64. Nb4 Ke7 65. Kc3 Ke8 66. Nd5
Kd7 67. Ne3 a2 68. Kb2 {...} 1/2-1/2

[Event "Mauricie op U1700"]
[Site "Trois-Rivieres CAN"]
[Date "2014.03.15"]
[Round "2"]
[White "Langlois, Jean-Marie"]
[Black "Lacombe, Gaetan"]
[Result "1-0"]
[WhiteElo "1381"]
[BlackElo "1507"]
[PlyCount "113"]
[EventDate "2014.03.14"]
[EventType "swiss"]
[EventRounds "5"]
[EventCountry "CAN"]

1. d4 Nf6 2. Bf4 g6 3. Nf3 Bg7 4. Nc3 d6 5. e4 O-O 6. Bc4 Bg4 7. h3 Bxf3 8.
Qxf3 c6 9. Be3 Nbd7 10. O-O Nb6 11. Bb3 a5 12. a4 Rc8 13. Rad1 d5 14. e5 Ne8
15. Qe2 h6 16. f4 f5 17. Qd3 e6 18. Bf2 Nd7 19. Ne2 Nc7 20. Qf3 Qe7 21. Qe3 Na6
22. c4 Nc7 23. c5 b6 24. cxb6 Nxb6 25. Qc3 Nc4 26. Bxc4 dxc4 27. Qxc4 Nd5 28.
Qc5 Qc7 29. Be1 Ne3 30. Bxa5 Qb7 31. b4 Nxf1 32. Kxf1 Rf7 33. Qc4 Qd7 34. Bb6
Qd5 35. Qa6 Rff8 36. a5 Ra8 37. Qd3 Rfc8 38. Nc3 Qd7 39. Na4 Bf8 40. Bc5 Bxc5
41. dxc5 Qxd3+ 42. Rxd3 Rc7 43. Nb6 Raa7 44. Rd8+ Kf7 45. Nc8 Ra6 46. Nd6+ Ke7
47. Rh8 Raa7 48. Nc8+ Rxc8 49. Rh7+ Kd8 50. Rxa7 Rc7 51. Ra8+ Rc8 52. Ra6 Kd7
53. Rb6 Rc7 54. Ke2 Rc8 55. Kd3 Kc7 56. Kc4 Kd7 57. Rb7+ 1-0

[Event "Mauricie op U1700"]
[Site "Trois-Rivieres CAN"]
[Date "2014.03.15"]
[Round "2"]
[White "Lord, Daniel"]
[Black "Boileau, Alain"]
[Result "1/2-1/2"]
[WhiteElo "1581"]
[BlackElo "1689"]
[PlyCount "59"]
[EventDate "2014.03.14"]
[EventType "swiss"]
[EventRounds "5"]
[EventCountry "CAN"]

1. d4 Nf6 2. Nf3 g6 3. g3 Bg7 4. Bg2 O-O 5. c4 c6 6. Nc3 d5 7. O-O Na6 8. cxd5
Nxd5 9. e4 Nxc3 10. bxc3 Nc7 11. a4 Bg4 12. Be3 Re8 13. Qd2 Bxf3 14. Bxf3 e5
15. Rfd1 b6 16. Qd3 Qe7 17. Qc4 Rac8 18. a5 Nb5 19. axb6 axb6 20. Ra6 Nd6 21.
Qb3 exd4 22. Bxd4 Bxd4 23. Rxd4 c5 24. Rd1 Nxe4 25. Rxb6 Ng5 26. Bg4 Rcd8 27.
h4 Rxd1+ 28. Qxd1 Qe1+ 29. Qxe1 Rxe1+ 30. Kg2 1/2-1/2

[Event "Mauricie op U1700"]
[Site "Trois-Rivieres CAN"]
[Date "2014.03.15"]
[Round "2"]
[White "Poirier, Vincent"]
[Black "Huang, Qiuyu"]
[Result "0-1"]
[WhiteElo "1537"]
[BlackElo "1588"]
[PlyCount "76"]
[EventDate "2014.03.14"]
[EventType "swiss"]
[EventRounds "5"]
[EventCountry "CAN"]

1. e4 c5 2. Nc3 d6 3. g3 Nc6 4. Bg2 Nf6 5. Nge2 e6 6. O-O Bd7 7. d3 a6 8. f4
Qc7 9. h3 h6 10. g4 O-O-O 11. Be3 Be7 12. d4 cxd4 13. Nxd4 e5 14. Nxc6 Bxc6 15.
Nd5 Nxd5 16. exd5 Be8 17. Qd3 Kb8 18. c4 f6 19. Qb3 Rc8 20. Rac1 h5 21. Be4 g6
22. Rfd1 Bf7 23. fxe5 fxe5 24. c5 dxc5 25. Rf1 Bd6 26. Rf6 hxg4 27. hxg4 Rh7
28. Bxg6 Bxg6 29. Rxg6 Rch8 30. Kg2 Rh2+ 31. Kg1 Rh1+ 32. Kg2 R8h2+ 33. Kg3 e4+
34. Rxd6 Rh3+ 35. Kg2 R1h2+ 36. Kg1 Qxd6 37. Bxc5 Rh1+ 38. Kf2 Qh2# 0-1

[Event "Mauricie op U1700"]
[Site "Trois-Rivieres CAN"]
[Date "2014.03.15"]
[Round "3"]
[White "Huang, Qiuyu"]
[Black "Ollivier, Laurent"]
[Result "1-0"]
[WhiteElo "1588"]
[BlackElo "1539"]
[PlyCount "79"]
[EventDate "2014.03.14"]
[EventType "swiss"]
[EventRounds "5"]
[EventCountry "CAN"]

1. e4 e5 2. Nf3 Nc6 3. Bc4 Be7 4. O-O Nf6 5. d3 O-O 6. Nc3 d6 7. Be3 Ng4 8. Qe2
Na5 9. Bb3 Nxe3 10. fxe3 c6 11. Rad1 Nxb3 12. axb3 f5 13. exf5 Bxf5 14. h3 Qc7
15. e4 Be6 16. Kh1 Rf6 17. d4 Raf8 18. d5 Bf7 19. Qe3 c5 20. Ng5 Rxf1+ 21. Rxf1
Bxg5 22. Qxg5 a6 23. Ne2 Bg6 24. Rxf8+ Kxf8 25. Ng3 Qe7 26. Qd2 b6 27. Kh2 Qh4
28. b4 Bxe4 29. bxc5 bxc5 30. Qa5 Bxd5 31. Qxa6 Qd8 32. Nf5 Qd7 33. Nxd6 Bc6
34. Qf1+ Kg8 35. Qc4+ Kf8 36. Qxc5 e4 37. Nxe4+ Kg8 38. Ng3 Qb7 39. Nf5 Bxg2
40. Qe7 1-0

[Event "Mauricie op U1700"]
[Site "Trois-Rivieres CAN"]
[Date "2014.03.15"]
[Round "3"]
[White "Lacombe, Gaetan"]
[Black "Mercure, Gilbert"]
[Result "0-1"]
[WhiteElo "1507"]
[BlackElo "1642"]
[PlyCount "84"]
[EventDate "2014.03.14"]
[EventType "swiss"]
[EventRounds "5"]
[EventCountry "CAN"]

1. d4 d5 2. c4 e5 3. dxe5 d4 4. e3 Bb4+ 5. Bd2 dxe3 6. Qa4+ Nc6 7. fxe3 Qh4+ 8.
Kd1 Bg4+ 9. Nf3 Bxf3+ 10. gxf3 O-O-O 11. Ke2 Qxc4+ 12. Kf2 Qh4+ 13. Ke2 Qc4+
14. Kf2 Qc5 15. Bh3+ Kb8 16. Rd1 Nge7 17. Nc3 Qxe5 18. a3 Bc5 19. Qc2 Qxh2+ 20.
Bg2 Qh4+ 21. Ke2 Ng6 22. Be1 Qg5 23. Kf1 Qxe3 24. Bf2 Qxf2+ 25. Qxf2 Bxf2 26.
Kxf2 Nf4 27. Bf1 Ne5 28. Kg3 g5 29. Ne4 h6 30. b4 f5 31. Nc3 h5 32. Ne2 h4+ 33.
Kf2 Ned3+ 34. Kg1 h3 35. Kh2 g4 36. fxg4 fxg4 37. Ng3 Nf2 38. Rxd8+ Rxd8 39.
Ra2 Nd1 40. Nf5 Nd3 41. Rd2 N1f2 42. Ne3 g3+ 0-1

[Event "Mauricie op U1700"]
[Site "Trois-Rivieres CAN"]
[Date "2014.03.16"]
[Round "4"]
[White "Laurin, Marcel"]
[Black "Cyrenne, Dany"]
[Result "1/2-1/2"]
[WhiteElo "1623"]
[BlackElo "1492"]
[PlyCount "65"]
[EventDate "2014.03.14"]
[EventType "swiss"]
[EventRounds "5"]
[EventCountry "CAN"]

1. d4 d5 2. c4 c6 3. cxd5 cxd5 4. Nc3 Nf6 5. h3 Nc6 6. Bf4 a6 7. e3 e6 8. a3
Bd6 9. Bg5 h6 10. Bh4 g5 11. Bg3 Bxg3 12. fxg3 Qd6 13. Qf3 e5 14. dxe5 Qxe5 15.
O-O-O Be6 16. Qf2 Ne4 17. Nxe4 dxe4 18. Ne2 Rc8 19. Nc3 Na5 20. Qe1 O-O 21. Kb1
Nc4 22. Rd4 f5 23. Bxc4 Bxc4 24. Qd1 Bd3+ 25. Ka1 b5 26. Qh5 Rc6 27. Rd7 Qe8
28. Qxe8 Rxe8 29. Nd5 Kf8 30. Rh7 Rg6 31. Rc1 Bc4 32. Rh8+ Kf7 33. Rxe8 1/2-1/2

[Event "Mauricie op U1700"]
[Site "Trois-Rivieres CAN"]
[Date "2014.03.16"]
[Round "4"]
[White "Li, Yi Lin"]
[Black "Huang, Qiuyu"]
[Result "1/2-1/2"]
[WhiteElo "1554"]
[BlackElo "1588"]
[PlyCount "88"]
[EventDate "2014.03.14"]
[EventType "swiss"]
[EventRounds "5"]
[EventCountry "CAN"]

1. e4 c5 2. Nf3 Nc6 3. d4 cxd4 4. Nxd4 g6 5. Be3 Bg7 6. Nc3 Nf6 7. Be2 O-O 8.
O-O d6 9. Nb3 Bd7 10. Kh1 Rc8 11. Nd4 Ne5 12. f3 Nc4 13. Bxc4 Rxc4 14. Nde2 a6
15. Qd2 b5 16. a3 Re8 17. Bh6 Bh8 18. Rfd1 Qc8 19. Bg5 Rc7 20. Rac1 Bc6 21. Na2
Bb7 22. Bxf6 Bxf6 23. c3 Rd8 24. Nb4 Rc5 25. Nd3 Rc7 26. Nb4 Rc5 27. Nd3 Rc7
28. Nb4 Bg7 29. Nd5 Bxd5 30. Qxd5 Rc5 31. Qd3 Bh6 32. Ra1 Rc4 33. Nd4 Bg7 34.
Ne2 a5 35. Rd2 b4 36. axb4 axb4 37. Ra4 Qc5 38. b3 Rxc3 39. Nxc3 bxc3 40. Re2
Rb8 41. Qc4 Qg5 42. g3 Qc1+ 43. Kg2 Qd1 44. Rf2 h6 1/2-1/2

[Event "Mauricie op U1700"]
[Site "Trois-Rivieres CAN"]
[Date "2014.03.16"]
[Round "4"]
[White "Molloy, Francis"]
[Black "Selmani, Sam"]
[Result "0-1"]
[WhiteElo "1417"]
[BlackElo "1504"]
[PlyCount "136"]
[EventDate "2014.03.14"]
[EventType "swiss"]
[EventRounds "5"]
[EventCountry "CAN"]

1. Nf3 Nf6 2. g3 g6 3. Bg2 Bg7 4. O-O O-O 5. d4 d6 6. c4 c5 7. dxc5 dxc5 8. Qb3
Nc6 9. Be3 Qc7 10. Na3 a6 11. Rad1 Ng4 12. Bd2 Nh6 13. Qc2 Rd8 14. Qc1 Nf5 15.
Nc2 Nd6 16. b3 Ne4 17. Ne3 e6 18. Nh4 Nxd2 19. Rxd2 Rxd2 20. Qxd2 Rb8 21. Rd1
Nd4 22. Nc2 Nxc2 23. Qxc2 b5 24. Qd3 Bb7 25. Bxb7 Qxb7 26. cxb5 axb5 27. Nf3
Ra8 28. Rd2 Bf6 29. Qc2 Qb6 30. Qd1 Kf8 31. e3 Ra6 32. Ne1 Kg7 33. Rc2 Qa7 34.
Qe2 Ra5 35. Nd3 c4 36. bxc4 bxc4 37. Nb4 Ra4 38. Rxc4 Qb7 39. Nc6 Qb1+ 40. Kg2
Rxa2 41. Qf1 Qb6 42. Nd4 Bxd4 43. Rxd4 e5 44. Rd1 Qxe3 45. Re1 Qd4 46. Kg1 Rd2
47. Qg2 e4 48. Qf1 Qd3 49. Qxd3 exd3 50. Kg2 Kf6 51. Kf3 Rc2 52. Ke3 Kf5 53.
Rd1 d2 54. Rxd2 Rxd2 55. Kxd2 Kg4 56. h4 Kf3 57. Ke1 h5 58. Kf1 f6 59. Ke1 f5
60. Kf1 f4 61. gxf4 Kxf4 62. Kg2 Kg4 63. f3+ Kxh4 64. Kh2 Kg5 65. Kg3 Kf5 66.
Kh3 g5 67. Kg3 h4+ 68. Kg2 Kf4 0-1

[Event "Mauricie op U1700"]
[Site "Trois-Rivieres CAN"]
[Date "2014.03.16"]
[Round "5"]
[White "Huang, Qiuyu"]
[Black "Gendron, Roger"]
[Result "1-0"]
[WhiteElo "1588"]
[BlackElo "1486"]
[PlyCount "103"]
[EventDate "2014.03.14"]
[EventType "swiss"]
[EventRounds "5"]
[EventCountry "CAN"]

1. e4 d5 2. exd5 Qxd5 3. d4 Nc6 4. Nf3 Bg4 5. Be2 e6 6. O-O Bd6 7. h3 h5 8. c4
Qf5 9. c5 Be7 10. hxg4 hxg4 11. Nh2 g3 12. fxg3 Qh7 13. Nf3 Nf6 14. Ng5 Qh2+
15. Kf2 O-O-O 16. Nc3 Bxc5 17. Be3 Bd6 18. Nge4 Nxe4+ 19. Nxe4 Be5 20. Rh1 Qxh1
21. Qxh1 Rxh1 22. Rxh1 Bxd4 23. Bxd4 Nxd4 24. Rh7 Rg8 25. Bc4 c6 26. Ng5 b5 27.
Bd3 f6 28. Nf3 e5 29. Nxd4 exd4 30. Kf3 Kd7 31. Ke4 c5 32. Bxb5+ Kd6 33. g4 Rb8
34. a4 Rb7 35. b3 Re7+ 36. Kf5 Re5+ 37. Kg6 Rg5+ 38. Kf7 Rxg4 39. Rxg7 Rf4 40.
Kg6 a5 41. Bc4 Rf2 42. Kf7 Ke5 43. Rg8 f5 44. Ke7 Ke4 45. g4 f4 46. g5 f3 47.
g6 d3 48. Rd8 d2 49. g7 Rg2 50. g8=Q Rxg8 51. Bxg8 Ke3 52. Bc4 1-0

[Event "Mauricie op U1700"]
[Site "Trois-Rivieres CAN"]
[Date "2014.03.16"]
[Round "5"]
[White "Ju, Terrence"]
[Black "Mercure, Gilbert"]
[Result "0-1"]
[WhiteElo "1300"]
[BlackElo "1642"]
[PlyCount "74"]
[EventDate "2014.03.14"]
[EventType "swiss"]
[EventRounds "5"]
[EventCountry "CAN"]

1. d4 d5 2. Nf3 Nc6 3. c4 Bg4 4. e3 e6 5. Nc3 Nf6 6. Be2 Bb4 7. O-O O-O 8. Qc2
Ne7 9. Na4 c6 10. Bd2 Bxd2 11. Qxd2 dxc4 12. Nc3 b5 13. a4 b4 14. Na2 a5 15.
Bxc4 Ng6 16. Be2 Qd5 17. h3 Ne4 18. Qd3 Bf5 19. Qc4 h5 20. Rac1 Rfc8 21. Rfd1
Nd6 22. Qxd5 cxd5 23. Ne5 Bc2 24. Nxg6 fxg6 25. Rd2 Bb3 26. Ra1 Ne4 27. Rd3 Bc4
28. Rdd1 Bxe2 29. Re1 Rc2 30. Rab1 Bc4 31. Nc1 Nxf2 32. b3 Ba6 33. Kh2 Rac8 34.
Ra1 Nd3 35. Nxd3 Bxd3 36. Red1 Be4 37. Rg1 R8c3 0-1

[Event "Mauricie op U1700"]
[Site "Trois-Rivieres CAN"]
[Date "2014.03.16"]
[Round "5"]
[White "Lord, Daniel"]
[Black "Labrecque, Rejean"]
[Result "0-1"]
[WhiteElo "1581"]
[BlackElo "1640"]
[PlyCount "118"]
[EventDate "2014.03.14"]
[EventType "swiss"]
[EventRounds "5"]
[EventCountry "CAN"]

1. d4 d5 2. Nf3 Nf6 3. g3 Bf5 4. Bg2 h6 5. c4 dxc4 6. Nc3 c6 7. Ne5 Nbd7 8.
Nxc4 e6 9. O-O Be7 10. a4 O-O 11. e4 Bh7 12. Qb3 Nb6 13. d5 Nxc4 14. Qxc4 cxd5
15. exd5 exd5 16. Nxd5 Nxd5 17. Bxd5 Rc8 18. Qb3 b6 19. Rd1 Qc7 20. Rd4 Qc2 21.
Qf3 Bf6 22. Rf4 Qg6 23. Be4 Qg5 24. Bxh7+ Kxh7 25. Rc4 Qe5 26. Re4 Qd6 27. Qf5+
Kg8 28. Bf4 Qc5 29. Qg4 Rfe8 30. Rc1 Qd5 31. Rxe8+ Rxe8 32. Rd1 Qe4 33. Rd7 Qc6
34. Qd1 Bxb2 35. Rxa7 Bf6 36. Be3 Rd8 37. Qb3 Qf3 38. Qxf7+ Kh8 39. Rd7 Rxd7
40. Qxd7 Qe4 41. Qb5 Bd8 42. a5 bxa5 43. Qb8 Qd5 44. Bb6 Qd1+ 45. Kg2 Qd5+ 46.
f3 Qa2+ 47. Kh3 Qe6+ 48. g4 Qxb6 49. Qf4 Qf6 50. Qe4 Qe7 51. Qa4 Qe2 52. Qc6 a4
53. Qd5 Qf1+ 54. Kg3 Bc7+ 55. Kh4 Qe1+ 56. Kh3 Qf1+ 57. Kh4 Qf2+ 58. Kh5 Qxh2+
59. Kg6 Qd6+ 0-1

[Event "Mauricie op U1700"]
[Site "Trois-Rivieres CAN"]
[Date "2014.03.16"]
[Round "5"]
[White "Toscani, Marco"]
[Black "Paquin, Luc"]
[Result "0-1"]
[WhiteElo "1552"]
[BlackElo "1321"]
[PlyCount "57"]
[EventDate "2014.03.14"]
[EventType "swiss"]
[EventRounds "5"]
[EventCountry "CAN"]

1. d4 d5 2. Nf3 Nf6 3. Bg5 h6 4. Bh4 c6 5. b3 Ne4 6. Nfd2 Qa5 7. f3 Nd6 8. e3
Nf5 9. Bf2 g6 10. Bd3 Bg7 11. O-O Na6 12. c3 e5 13. b4 Qd8 14. Nb3 b6 15. b5
Nc7 16. e4 Nd6 17. bxc6 O-O 18. N1d2 Qe8 19. exd5 Nxd5 20. Rc1 Qxc6 21. c4 Nf4
22. Bb1 Bf5 23. c5 Nc8 24. Be4 Bxe4 25. fxe4 Nd3 26. d5 Qa4 27. Rc3 Nxf2 28.
Rxf2 bxc5 29. Nxc5 0-1

[Event "Mauricie op U2000"]
[Site "Trois-Rivieres CAN"]
[Date "2014.03.14"]
[Round "1"]
[White "Abran, David"]
[Black "Ouellet, Maili-Jade"]
[Result "0-1"]
[WhiteElo "1828"]
[BlackElo "1693"]
[PlyCount "92"]
[EventDate "2014.03.14"]
[EventType "swiss"]
[EventRounds "5"]
[EventCountry "CAN"]

1. d4 d5 2. c4 e6 3. Nc3 c6 4. Nf3 dxc4 5. a4 Bb4 6. e4 b5 7. Be2 Nf6 8. Bg5 h6
9. Bxf6 Qxf6 10. O-O Bxc3 11. bxc3 O-O 12. Ne5 a6 13. f4 Rd8 14. axb5 cxb5 15.
Qb1 Ra7 16. Nxc4 Rc7 17. e5 Qe7 18. Nd6 Rxc3 19. Rc1 Rxc1+ 20. Qxc1 Bb7 21.
Bxb5 Bxg2 22. Bxa6 Bf3 23. Qc3 Bd5 24. Bb5 f5 25. Rc1 Qa7 26. Ra1 Qe7 27. Qg3
Kh7 28. h4 Rg8 29. Kf2 g6 30. Rc1 Qa7 31. Qc3 g5 32. hxg5 hxg5 33. Qh3+ Kg7 34.
Ne8+ Kg6 35. fxg5 Qxd4+ 36. Qe3 Qb2+ 37. Qe2 Qxc1 38. Nf6 Qf4+ 39. Ke1 Qg3+ 40.
Kd2 Qxg5+ 41. Ke1 Rh8 42. Be8+ Kg7 43. Bh5 Rc8 44. Nxd5 Rc1+ 45. Kf2 Qg1+ 46.
Kf3 Rf1+ 0-1

[Event "Mauricie op U2000"]
[Site "Trois-Rivieres CAN"]
[Date "2014.03.14"]
[Round "1"]
[White "Beauchesne, Jonathan"]
[Black "Bond, Jocelyn"]
[Result "1/2-1/2"]
[WhiteElo "1726"]
[BlackElo "1955"]
[PlyCount "103"]
[EventDate "2014.03.14"]
[EventType "swiss"]
[EventRounds "5"]
[EventCountry "CAN"]

1. e4 c5 2. c3 d5 3. exd5 Qxd5 4. d4 g6 5. Na3 Bg7 6. Be3 cxd4 7. Bxd4 Bxd4 8.
Qxd4 Qxd4 9. cxd4 Nf6 10. Nb5 Na6 11. Rc1 O-O 12. Nf3 Be6 13. Nc3 Nb4 14. a3
Nbd5 15. Be2 Nf4 16. O-O Nxe2+ 17. Nxe2 Rac8 18. Rxc8 Rxc8 19. Rc1 Rxc1+ 20.
Nxc1 Kf8 21. Nd3 b6 22. Nb4 Ke8 23. Nc6 a6 24. Nd2 a5 25. Ne5 Nd7 26. Nxd7 Kxd7
27. f4 Kc6 28. Kf2 Kd5 29. Ke3 Bf5 30. g3 f6 31. Nf1 a4 32. Nd2 Bc2 33. Nf1 Bf5
34. Nd2 b5 35. Nf1 b4 36. axb4 Kc4 37. Nd2+ Kxb4 38. Kf2 Be6 39. Ke3 Bd5 40.
Kd3 Be6 41. Ke4 Kb5 42. Kd3 Kc6 43. Ke3 Kd5 44. Nb1 Bf5 45. Nd2 Bc2 46. Nf1 Bb3
47. Nd2 Bc2 48. Nf1 h5 49. Nd2 Bf5 50. Nf1 Kc4 51. Nd2+ Kb4 52. Kf2 1/2-1/2

[Event "Mauricie op U2000"]
[Site "Trois-Rivieres CAN"]
[Date "2014.03.14"]
[Round "1"]
[White "Bleau, John"]
[Black "Saha, Ananda"]
[Result "1-0"]
[WhiteElo "1930"]
[BlackElo "1725"]
[PlyCount "61"]
[EventDate "2014.03.14"]
[EventType "swiss"]
[EventRounds "5"]
[EventCountry "CAN"]

1. Nf3 d5 2. d4 Nf6 3. g3 e6 4. Bg2 b6 5. c4 Bb7 6. O-O Be7 7. Nc3 O-O 8. Ne5
Nbd7 9. Nd3 Qc8 10. cxd5 exd5 11. Ne5 Ne4 12. Bh3 f5 13. Nxd7 Qxd7 14. Qb3 Nxc3
15. bxc3 Bd6 16. e4 Qf7 17. e5 Be7 18. Re1 g5 19. f4 h6 20. Bg2 c6 21. Qa4 gxf4
22. Bxf4 Bg5 23. e6 Qe7 24. c4 Bxf4 25. gxf4 Rf6 26. cxd5 cxd5 27. Qd7 Qxd7 28.
exd7 Rd6 29. Re7 Bc6 30. Rc1 Rxd7 31. Rxd7 1-0

[Event "Mauricie op U2000"]
[Site "Trois-Rivieres CAN"]
[Date "2014.03.14"]
[Round "1"]
[White "Bluteau, Yvon"]
[Black "Simard, Francois"]
[Result "1/2-1/2"]
[WhiteElo "1817"]
[BlackElo "1703"]
[PlyCount "130"]
[EventDate "2014.03.14"]
[EventType "swiss"]
[EventRounds "5"]
[EventCountry "CAN"]

1. d4 d5 2. Nf3 c6 3. g3 Bg4 4. h3 Bh5 5. Bg2 e6 6. O-O Be7 7. Nbd2 Nf6 8. c3
Nbd7 9. Re1 Qc7 10. e4 dxe4 11. Nxe4 Nxe4 12. Rxe4 Nf6 13. Bf4 Bd6 14. Bxd6
Qxd6 15. Re5 Bg6 16. Nh4 O-O-O 17. Qa4 a6 18. b4 Bd3 19. Qb3 Nd5 20. Rd1 Bg6
21. a4 b5 22. axb5 axb5 23. Ra1 Kb7 24. Nxg6 hxg6 25. Re2 Ra8 26. Rea2 Rxa2 27.
Qxa2 Qb8 28. Qb3 Qc7 29. c4 bxc4 30. Qxc4 Ra8 31. Rxa8 Kxa8 32. b5 Kb7 33. Qa4
Qb6 34. bxc6+ Qxc6 35. Qb3+ Kc7 36. Kh2 Qb7 37. Qa4 Qc6 38. Qa3 Qd7 39. Qa5+
Kb7 40. Bf1 Nc7 41. Qc5 Kc8 42. Qf8+ Ne8 43. Ba6+ Kd8 44. Qb4 Qd6 45. Qa4 Ke7
46. Be2 Nc7 47. Bf3 Nd5 48. Kg2 Nc7 49. Qa5 Nd5 50. Qd2 Nf6 51. Qe3 Nd5 52.
Qg5+ Nf6 53. Qe3 Nd5 54. Qe4 Nf6 55. Qe5 Qxe5 56. dxe5 Nd7 57. Be4 Nxe5 58. f4
Nd7 59. Kf3 f5 60. Bc6 Kd6 61. Ba4 Nf6 62. Bb3 Nd5 63. h4 e5 64. fxe5+ Kxe5 65.
Ba2 Ke6 1/2-1/2

[Event "Mauricie op U2000"]
[Site "Trois-Rivieres CAN"]
[Date "2014.03.14"]
[Round "1"]
[White "Brassard, Sylvain"]
[Black "Girouard, Michel"]
[Result "1/2-1/2"]
[WhiteElo "1703"]
[BlackElo "1850"]
[PlyCount "133"]
[EventDate "2014.03.14"]
[EventType "swiss"]
[EventRounds "5"]
[EventCountry "CAN"]

1. d4 d5 2. c4 c6 3. Nc3 Nf6 4. Nf3 e6 5. Bg5 Be7 6. e3 O-O 7. Bd3 dxc4 8. Bxc4
Nbd7 9. O-O b6 10. a3 a5 11. Rc1 Bb7 12. a4 Rc8 13. h3 Nd5 14. Bxe7 Qxe7 15.
Nxd5 exd5 16. Bd3 Rfd8 17. Re1 c5 18. Bf5 Rc7 19. Bxd7 Qxd7 20. Qb3 Qd6 21. Rc3
c4 22. Qc2 Rdc8 23. Rc1 g6 24. b3 cxb3 25. Qxb3 Rxc3 26. Rxc3 Rxc3 27. Qxc3 Qc6
28. Qb3 Ba6 29. Ne5 Qe6 30. Qc2 f6 31. Nf3 Qc8 32. Qb3 Qc6 33. Kh2 Bc4 34. Qa3
Kf7 35. Nd2 Ke6 36. Nb1 Qd6+ 37. Kg1 Qb4 38. Qa1 Qe1+ 39. Kh2 Qc1 40. e4 dxe4
41. Qc3 Qxc3 42. Nxc3 f5 43. g4 Bb3 44. gxf5+ gxf5 45. Kg3 Bxa4 46. Nxa4 b5 47.
Nc3 b4 48. Na4 Kd5 49. Kf4 Kxd4 50. Kxf5 b3 51. h4 Kc4 52. Kxe4 Kb4 53. Nb2 a4
54. Kd4 a3 55. Nd3+ Kb5 56. Kc3 b2 57. Kc2 Kc4 58. Ne5+ Kd5 59. Nf3 h6 60. Nd2
Ke5 61. Kb3 Kf4 62. Kxa3 b1=Q 63. Nxb1 Kf3 64. Nd2+ Kxf2 65. Ne4+ Kf3 66. Nf6
Kf4 67. h5 1/2-1/2

[Event "Mauricie op U2000"]
[Site "Trois-Rivieres CAN"]
[Date "2014.03.14"]
[Round "1"]
[White "Chesnut, Walter"]
[Black "Marcouiller, David"]
[Result "1/2-1/2"]
[WhiteElo "1591"]
[BlackElo "1640"]
[PlyCount "79"]
[EventDate "2014.03.14"]
[EventType "swiss"]
[EventRounds "5"]
[EventCountry "CAN"]

1. e4 e6 2. d4 d5 3. e5 c5 4. c3 Nc6 5. Nf3 Qb6 6. a3 a5 7. Bd3 Bd7 8. Bc2 Nh6
9. O-O Be7 10. Re1 Nf5 11. Bxf5 exf5 12. Qd2 h6 13. dxc5 Bxc5 14. Rd1 a4 15.
Qe2 Be6 16. Ne1 d4 17. Nd2 d3 18. Nxd3 Be7 19. Nf4 O-O 20. Nxe6 fxe6 21. Nf3
Rfd8 22. Be3 Qc7 23. Qc4 Kf7 24. Rxd8 Qxd8 25. Nd4 Nxd4 26. Bxd4 Qd7 27. Qe2 g6
28. Qe3 Bg5 29. f4 Be7 30. Qe2 Ra5 31. g4 Qd5 32. gxf5 exf5 33. Qg2 Qb3 34. e6+
Qxe6 35. Qxb7 Qe2 36. Qg2 Qe6 37. Kf1 Qc4+ 38. Qe2 Qd5 39. Qg2 Qc4+ 40. Qe2
1/2-1/2

[Event "Mauricie op U2000"]
[Site "Trois-Rivieres CAN"]
[Date "2014.03.14"]
[Round "1"]
[White "Cummins, Paul"]
[Black "Dumont, Eric"]
[Result "1-0"]
[WhiteElo "1822"]
[BlackElo "1704"]
[PlyCount "57"]
[EventDate "2014.03.14"]
[EventType "swiss"]
[EventRounds "5"]
[EventCountry "CAN"]

1. e4 c6 2. d4 d5 3. Nc3 dxe4 4. Nxe4 Bf5 5. Ng3 Bg6 6. Nf3 Nf6 7. h4 h6 8. Ne5
Bh7 9. Bc4 e6 10. Qe2 Nd5 11. c3 Nd7 12. Bxd5 Nxe5 13. Bb3 Nd3+ 14. Kf1 Qf6 15.
Bc2 Qxf2+ 16. Qxf2 Nxf2 17. Kxf2 Bxc2 18. Bf4 O-O-O 19. Rac1 Bh7 20. Rhe1 Bd6
21. Bxd6 Rxd6 22. Kf3 Rhd8 23. Nh5 g5 24. Nf6 Bg8 25. hxg5 hxg5 26. Re5 Rd5 27.
Nxd5 Rxd5 28. Rxd5 exd5 29. Rh1 1-0

[Event "Mauricie op U2000"]
[Site "Trois-Rivieres CAN"]
[Date "2014.03.14"]
[Round "1"]
[White "Deschesnes, Jean"]
[Black "Gunapalan, David"]
[Result "1-0"]
[WhiteElo "1697"]
[BlackElo "1834"]
[PlyCount "72"]
[EventDate "2014.03.14"]
[EventType "swiss"]
[EventRounds "5"]
[EventCountry "CAN"]

1. Nf3 d5 2. d4 c5 3. e3 Nc6 4. c3 Bf5 5. Bd3 Bxd3 6. Qxd3 e6 7. Nbd2 Nf6 8.
O-O Bd6 9. e4 dxe4 10. Nxe4 Nxe4 11. Qxe4 cxd4 12. Nxd4 Nxd4 13. Qxd4 Qc7 14.
Qa4+ Ke7 15. Qh4+ f6 16. Re1 b5 17. Qh3 e5 18. f4 Rae8 19. fxe5 Bxe5 20. Bf4
Kf7 21. Bxe5 Rxe5 22. Rxe5 Qxe5 23. Qd7+ Kg6 24. Qd3+ f5 25. Rd1 Re8 26. Qd6+
Kf7 27. Qxe5 Rxe5 28. Rd7+ Re7 29. Rxe7+ Kxe7 30. h4 Kd6 31. Kf2 Ke5 32. Ke3 a5
33. g3 Kd5 34. Kf4 Kc4 35. Kxf5 Kd3 36. Ke6 Kc2 1-0